[Event "Kemerovo Region Cup sf"]
[Site "Kemerovo"]
[Date "2014.07.22"]
[Round "3"]
[White "Emeljashin, Yury"]
[Black "Kuznecov, Stanislav"]
[Result "1-0"]
[WhiteElo "2049"]
[BlackElo "1783"]
[PlyCount "65"]
[EventDate "2014.07.21"]
[EventType "swiss"]
[EventRounds "9"]
[EventCountry "RUS"]
[SourceTitle "EXT 2016"]
[Source "ChessBase"]
[SourceDate "2015.10.08"]
[SourceVersion "1"]
[SourceVersionDate "2015.10.08"]
[SourceQuality "1"]

1. e4 c6 2. d4 d5 3. e5 Bf5 4. g4 Bg6 5. h4 h6 6. h5 Bh7 7. e6 fxe6 8. Bd3 Nf6 9. Bxh7 Nxh7 10. Qd3 Kd7 11. Bf4 Qa5+ 12. Nc3 Nf6 13. Nf3 Ne4 14. Ne5+ Kc8 15. f3 Nxc3 16. bxc3 Nd7 17. Nf7 Rh7 18. Qxh7 Qxc3+ 19. Kf2 Qxd4+ 20. Be3 Qf6 21. Qg6 Qxg6 22. hxg6 e5 23. g5 e6 24. gxh6 gxh6 25. Bxh6 Bc5+ 26. Be3 d4 27. Rh8+ Kc7 28. Rxa8 dxe3+ 29. Ke2 Bd4 30. g7 Nf6 31. Rd1 a6 32. Ng5 Kd6 33. c3 1-0

[Event "Kemerovo-ch"]
[Site "Kemerovo"]
[Date "2014.04.02"]
[Round "1"]
[White "Emeljashin, Yury"]
[Black "Lapenko, Andrey"]
[Result "1-0"]
[WhiteElo "2051"]
[BlackElo "1658"]
[PlyCount "92"]
[EventDate "2014.04.02"]
[EventType "swiss"]
[EventRounds "9"]
[EventCountry "RUS"]
[SourceTitle "CBM 160 Extra"]
[Source "ChessBase"]
[SourceDate "2014.07.01"]
[SourceVersion "1"]
[SourceVersionDate "2014.07.01"]
[SourceQuality "1"]

1. Nf3 d5 2. c4 c6 3. g3 Nf6 4. Bg2 Bf5 5. Nh4 Bg6 6. Nxg6 hxg6 7. d4 e6 8. a3 Nbd7 9. Nc3 Be7 10. e3 Qc7 11. b3 0-0 12. Bb2 a6 13. Rc1 Rac8 14. 0-0 Qb6 15. Na4 Qd8 16. cxd5 cxd5 17. Rxc8 Qxc8 18. Qd3 Qb8 19. b4 Rc8 20. Nc5 Nb6 21. e4 Nc4 22. Bc1 Nb6 23. Bf4 Qa7 24. Bg5 dxe4 25. Bxe4 Nbd5 26. Bxd5 Nxd5 27. Bxe7 Nxe7 28. Qe4 Nd5 29. Nxe6 Nf6 30. Qe5 Re8 31. Qc5 b6 32. Qc7 Qa8 33. Ng5 Qd5 34. h4 b5 35. Qa7 Ra8 36. Qc5 Qd7 37. Rc1 Rf8 38. Qb6 Rc8 39. Rc5 Re8 40. Rc1 Rc8 41. Re1 Rc6 42. Qb8+ Rc8 43. Qf4 Rf8 44. Re5 Nh5 45. Qe3 Nf6 46. Re7 Qg4 1-0

[Event "Kemerovo Region-ch"]
[Site "Kemerovo"]
[Date "2013.10.23"]
[Round "8"]
[White "Emeljashin, Yury"]
[Black "Minchenko, Oleg"]
[Result "0-1"]
[WhiteElo "2074"]
[BlackElo "2014"]
[PlyCount "50"]
[EventDate "2013.10.18"]
[EventType "swiss"]
[EventRounds "9"]
[EventCountry "RUS"]
[SourceTitle "EXT 2014"]
[Source "ChessBase"]
[SourceDate "2013.11.20"]
[SourceVersion "1"]
[SourceVersionDate "2013.11.20"]
[SourceQuality "1"]

1. Nf3 d5 2. c4 d4 3. b4 c5 4. bxc5 Nc6 5. Qa4 Bd7 6. Ba3 e5 7. d3 f5 8. e4 dxe3 9. fxe3 e4 10. Nfd2 Qf6 11. Qb3 exd3 12. Bb2 Qh6 13. Qxd3 Bxc5 14. Bd4 Nxd4 15. exd4 Qh4+ 16. Kd1 Qxd4 17. Nc3 Qf6 18. Nb3 Ba3 19. Nd5 Qd6 20. Qd4 Be6 21. Bd3 Kf7 22. Rf1 Nf6 23. Nxf6 gxf6 24. Bxf5 Bxf5 25. Qxd6 Bg4+ 0-1

[Event "Kemerovo Region-ch"]
[Site "Kemerovo"]
[Date "2013.10.18"]
[Round "1"]
[White "Emeljashin, Yury"]
[Black "Zotova, Anastasia"]
[Result "1/2-1/2"]
[WhiteElo "2074"]
[BlackElo "1794"]
[PlyCount "60"]
[EventDate "2013.10.18"]
[EventType "swiss"]
[EventRounds "9"]
[EventCountry "RUS"]
[SourceTitle "EXT 2014"]
[Source "ChessBase"]
[SourceDate "2013.11.20"]
[SourceVersion "1"]
[SourceVersionDate "2013.11.20"]
[SourceQuality "1"]

1. Nf3 Nf6 2. c4 c5 3. Nc3 Nc6 4. d4 cxd4 5. Nxd4 g6 6. g3 Bg7 7. Bg2 0-0 8. 0-0 Nxd4 9. Qxd4 d6 10. Rd1 Nd7 11. Qd2 Nc5 12. b3 Bf5 13. Bb2 Rb8 14. b4 Nd7 15. Nb5 Ne5 16. Rac1 a6 17. Nd4 Bd7 18. c5 Ba4 19. Nb3 Bb5 20. Qe1 Nd3 21. exd3 Bxb2 22. Rc2 Bg7 23. Re2 e6 24. Rc2 dxc5 25. Nxc5 b6 26. a4 Be8 27. Nxa6 Bxa4 28. Nxb8 Bxc2 29. Nc6 Qg5 30. Qd2 Qxd2 1/2-1/2

[Event "Kemerovo-ch op"]
[Site "Kemerovo"]
[Date "2012.03.10"]
[Round "3"]
[White "Riabov, Aleksandr"]
[Black "Emeljashin, Yury"]
[Result "0-1"]
[WhiteElo "1932"]
[BlackElo "2129"]
[PlyCount "72"]
[EventDate "2012.03.04"]
[EventType "swiss"]
[EventRounds "9"]
[EventCountry "RUS"]
[SourceTitle "EXT 2014"]
[Source "ChessBase"]
[SourceDate "2013.11.20"]
[SourceVersion "1"]
[SourceVersionDate "2013.11.20"]
[SourceQuality "1"]

1. d4 Nf6 2. c4 e6 3. g3 Bb4+ 4. Bd2 c5 5. Nf3 Nc6 6. dxc5 Bxc5 7. Bg2 Qb6 8. 0-0 Ne4 9. Nc3 Bxf2+ 10. Kh1 Nxd2 11. Nxd2 Be3 12. Nb3 0-0 13. c5 Qc7 14. Qd3 Qe5 15. Be4 Bxc5 16. Bxh7+ Kh8 17. Rf4 Be7 18. Raf1 f5 19. Bg6 Rf6 20. Rh4+ Kg8 21. Bh7+ Kf7 22. g4 Nb4 23. Qh3 b6 24. Qg2 Rb8 25. gxf5 Bb7 26. Bg6+ Rxg6 27. fxg6+ Kg8 28. Re4 Bxe4 29. Nxe4 Rf8 30. Rxf8+ Kxf8 31. Qf3+ Bf6 32. Nbd2 Ke7 33. Nc4 Qd4 34. Ncd6 Nd5 35. Qh5 Qd1+ 36. Kg2 Nf4+ 0-1

[Event "Kuzbass-ch op"]
[Site "Kemerovo"]
[Date "2011.10.17"]
[Round "5"]
[White "Emeljashin, Yury"]
[Black "Siuniakov, Igor"]
[Result "0-1"]
[WhiteElo "2093"]
[BlackElo "2321"]
[PlyCount "42"]
[EventDate "2011.10.14"]
[EventType "swiss"]
[EventRounds "9"]
[EventCountry "RUS"]
[SourceTitle "EXT 2012"]
[Source "ChessBase"]
[SourceDate "2011.11.24"]
[SourceVersion "1"]
[SourceVersionDate "2011.11.24"]
[SourceQuality "1"]

1. d4 Nf6 2. c4 g6 3. Nc3 Bg7 4. e4 0-0 5. Be3 d6 6. f3 c5 7. d5 e6 8. dxe6 Bxe6 9. Bd3 Nc6 10. Nge2 Ne5 11. b3 b5 12. cxb5 d5 13. Bxc5 dxe4 14. Bc2 exf3 15. gxf3 Nxf3+ 16. Kf2 Nd2 17. Ke1 Bh6 18. Bxf8 Nf3+ 19. Kf2 Ng4+ 20. Kg2 Ne3+ 21. Kxf3 Qf6+ 0-1

[Event "Kemerovo-ch"]
[Site "Kemerovo"]
[Date "2011.03.23"]
[Round "9"]
[White "Kuznetsov, Petr"]
[Black "Emeljashin, Yury"]
[Result "0-1"]
[WhiteElo "1983"]
[BlackElo "2085"]
[PlyCount "70"]
[EventDate "2011.02.20"]
[EventType "swiss"]
[EventRounds "9"]
[EventCountry "RUS"]
[SourceTitle "CBM 141 Extra"]
[Source "ChessBase"]
[SourceDate "2011.05.03"]
[SourceVersion "1"]
[SourceVersionDate "2011.05.03"]
[SourceQuality "1"]

1. b4 d5 2. Bb2 Nf6 3. e3 Bf5 4. c4 e6 5. b5 Nbd7 6. cxd5 exd5 7. Nf3 h6 8. Be2 Bd6 9. 0-0 0-0 10. Nc3 Re8 11. Nd4 Bh7 12. f4 c5 13. bxc6 bxc6 14. Qa4 c5 15. Ndb5 Bb8 16. Bf3 a6 17. Na3 Nb6 18. Qa5 Qd6 19. Na4 Nxa4 20. Qxa4 Bc7 21. Be5 Rxe5 22. fxe5 Qxe5 23. g3 Bd3 24. Rfc1 Be4 25. d4 Qg5 26. Qd1 Qxe3+ 27. Kg2 Qxa3 28. Qb3 Qa5 29. Rxc5 Qd2+ 30. Kh1 Rb8 31. Qd1 Bxf3+ 32. Qxf3 Rb2 33. Kg1 Qxh2+ 34. Kf1 Ne4 35. Rd1 Nxg3+ 0-1